Billboard Artist 100 | Charts - Statistiken

Allgemein
  • Dieses Quiz wurde 342 mal gespielt
  • Das Durchschnittsergebnis liegt bei 14 aus 100
Antwortstatistiken
Platz Sänger/in % Korrekt
1 Taylor Swift
85%
4 Drake
65%
43 Eminem
58%
55 Rihanna
56%
50 Michael Jackson
51%
26 Ed Sheeran
50%
93 Justin Bieber
50%
27 Ariana Grande
49%
23 Billie Eilish
48%
17 The Weeknd
46%
31 Kendrick Lamar
40%
68 The Beatles
38%
76 Adele
37%
37 Bruno Mars
37%
15 Travis Scott
37%
9 Olivia Rodrigo
35%
16 Dua Lipa
33%
46 Harry Styles
33%
42 Kanye West
33%
80 Queen
31%
66 Sabrina Carpenter
27%
22 Miley Cyrus
26%
56 Bad Bunny
25%
32 BTS
25%
49 Post Malone
25%
54 The Rolling Stones
25%
99 Justin Timberlake
24%
20 Nicki Minaj
24%
8 SZA
20%
95 Linkin Park
18%
61 Lana Del Rey
17%
96 Imagine Dragons
16%
12 Doja Cat
15%
34 Future
13%
47 Nirvana
13%
98 Usher
13%
25 Metallica
12%
19 Tate McRae
12%
5 21 Savage
11%
35 Tyler, The Creator
11%
53 Lil Baby
10%
58 Frank Ocean
9%
2 Green Day
9%
36 J. Cole
8%
44 Metro Boomin
8%
38 Benson Boone
7%
83 Gunna
6%
74 Hozier
6%
30 Stray Kids
6%
72 Chris Brown
5%
13 Jack Harlow
5%
59 Dolly Parton
4%
28 Jung Kook
4%
79 Karol G
4%
3 Morgan Wallen
4%
41 Tyla
4%
81 Pink Floyd
3%
21 Teddy Swims
3%
73 ENHYPEN
2%
29 Fleetwood Mac
2%
7 Luke Combs
2%
92 Mitski
2%
11 Noah Kahan
2%
24 Peso Pluma
2%
97 SEVENTEEN
2%
6 Zach Bryan
2%
82 ATEEZ
1%
62 Brent Faiyaz
1%
87 Eagles
1%
89 Flo Milli
1%
71 Jason Aldean
1%
14 Jelly Roll
1%
18 Kali Uchis
1%
88 Kenya Grace
1%
90 Marvin Gaye
1%
84 Melanie Martinez
1%
91 Miguel
1%
69 Muni Long
1%
33 Xavi
1%
78 310abii
0%
40 Bailey Zimmerman
0%
94 BigXthaPlug
0%
10 Chris Stapleton
0%
45 Cody Johnson
0%
77 Creedence Clearwater Revival
0%
63 David Kusher
0%
52 Fuerza Regida
0%
60 HARDY
0%
65 Jordan Davis
0%
39 Lainey Wilson
0%
57 Lil Dicky
0%
64 Megan Moroney
0%
67 Nate Smith
0%
100 Neck Deep
0%
48 NMIXX
0%
51 Paul Russell
0%
86 Sophie Ellis-Bextor
0%
75 Tyler Childers
0%
85 Victoria Monet
0%
70 Warren Zeiders
0%
Keine übereinstimmenden Quizze gefunden
Verteilung der Resultate
Anzahl Personen mit jedem Resultat
Perzentil nach korrekt beantworteten Fragen
Ihre Resultats-Entwicklung
Sie haben dieses Quiz noch nicht gespielt